Climates in the United States - Map Quiz - Statistics

General Stats
  • This quiz has been taken 239 times
  • The average score is 6 of 8
Answers on the Map
Answers color-coded by a green-red scale on the quiz's map according to % correct below.
 
Answer Stats
Answer % Correct
Polar climate
94%
Dry continental temperate climate
80%
Tropical climate
79%
Arid climate
75%
Mediterranean climate
72%
Oceanic climate
72%
Subtropical climate
72%
Humid continental temperate climate
71%
No matching quizzes found
Score Distribution
Percent of People with Each Score
Percentile by Number Answered
Your Score History
You have not taken this quiz